| 000 | 00611cam a22001934a 4500 | ||
|---|---|---|---|
| 020 | _a0521331498 | ||
| 040 | _cDLC | ||
| 041 | 1 | _hfre | |
| 082 | 0 | 0 | _a330 CAM 2000 A066 Or. |
| 100 | 1 | _aGourieroux, Christian, | |
| 245 | 1 | 0 | _aEconometrics of qualitative variables / |
| 260 |
_aCambridge, UK ; _aNew York : _bCambridge University Press, _c2000. |
||
| 300 |
_ax, 372 p. : _bill. ; _c24 cm. |
||
| 650 | 0 | _aEconometrics. | |
| 650 | 0 | _aEconomics, Mathematical. | |
| 856 | 4 | 2 | _uhttp://www.loc.gov/catdir/description/cam021/00029263.html |
| 856 | 4 | 1 | _uhttp://www.loc.gov/catdir/toc/cam026/00029263.html |
| 942 | _cEK | ||
| 999 |
_c14151 _d14151 |
||